000 00651nam a2200289Ia 4500
005 20260324123957.0
008 008 260324s9999 xx 000 0 eng d
020 _a9780429070235
037 _aEBOOK
040 _aCRL
040 _beng
040 _cCRL
041 _2eng
041 _aeng
084 _qCRL
100 _aJason R. Detrani
_91172075
245 0 _aJournalism
245 0 _bTheory and Practice
260 _bTaylor and Francis
260 _c2011
365 _a
365 _b235
856 _uhttp://www.taylorfrancis.com/books/9780429070235
942 _cEBOOK
999 _c1766358
_d1766358